000 00654cam a2200217 a 4500
001 000009660
005 20200929161648.0
008 940426s1993 ve 001 1 spa
020 _a9806273753
040 _aDO-SdBNP
_cDLC
_dDKC
082 _a863.64
_bA366t
100 1 _aAlegre, Atanasio.
_924547
245 1 4 _aLas tentaciones de una señora decente :
_brelatos /
_cAtanasio Alegre.
260 _aCaracas :
_bAlfadil,
_c1993.
300 _a105 p. ;
_c22 cm.
490 1 _aOrinoco
_v74
650 4 _aNovela española
_91123
650 4 _aLiteratura española
_ySIGLO XX
_93326
830 0 _aOrinoco ;
_v74
_921401
910 _aCatalogación por copia / LC
999 _c9420
_d9420